| 000 | 00415nam a2200169Ia 4500 | ||
|---|---|---|---|
| 999 |
_c14270 _d14270 |
||
| 003 | OSt | ||
| 005 | 20260317144807.0 | ||
| 008 | 260210s9999 xx 000 0 und d | ||
| 020 | _a9781398828049 | ||
| 082 | _a743.4 ARC | ||
| 100 | _aJennifer Crouch | ||
| 245 | 0 | _aArcturus Life Drawing A Complete Guide to Drawing People | |
| 260 | _b Arcturus | ||
| 260 | _c2023 | ||
| 300 | _a208 pages | ||
| 942 |
_cUG _2ddc |
||